Gun Names- Sudden Death - Statistics

General Stats
  • This quiz has been taken 616 times
  • The average score is 6 of 22
Answers on the Grid
Answers color-coded by a green-red scale on the quiz's grid according to % correct below.
AK-47
AK-74
M16
M-80 Firecracker
FN SCAR
Steyr AUG
M1 Garand
M1 Carbine
M1 Turbo
Model 24601
Golden Boy
FAMAS
Grizzly Big Boar
Norinco Type 95
Manhasset 52
Judge
Anaconda
MP40
FN Five-Seven
FN P990
Brown Bess
M2 Hyderabad
Model 55 Catalina Defender
Magnum PI
.38 Special
DPRK
SASQ-WOLF
IG88
Dixon Ticonderoga
UB40
Mossberg 590
SPAS-12
Model 1887
AA12
Scorpion EVO
AK-77
ORT-7208
Dunning-Kruger P08
CH20
Type 808 R055
Desert Falcon
1099-INT
 
Answer Stats
Answer % Correct
AK-47
62%
M16
46%
AK-74
41%
M1 Carbine
40%
MP40
37%
FAMAS
36%
M1 Garand
35%
FN SCAR
32%
SPAS-12
31%
FN Five-Seven
29%
AA12
27%
Steyr AUG
26%
.38 Special
25%
Model 1887
25%
Scorpion EVO
24%
Mossberg 590
21%
Judge
16%
Norinco Type 95
13%
Brown Bess
11%
Anaconda
9%
Golden Boy
4%
Grizzly Big Boar
4%
No matching quizzes found
Score Distribution
Percent of People with Each Score
Percentile by Number Answered
Your Score History
You have not taken this quiz